000 00515nam a2200181Ia 4500
999 _c29335
_d29335
003 OSt
005 20260305124457.0
008 190216s9999||||xx |||||||||||||| ||und||
020 _a9788171308354
040 _coclc
082 _a894.8123
_bPAD/M
100 1 _aPatmarājan, Pi.,
_d1945-1991
_96413
245 0 _aManhukalam Notta Kuthira /
_cP Padmarajan
260 _bDc Books,
_aKottayam:
_c2007.
300 _a60p
650 _aNovel
942 _cBK
_2ddc
_h894.8123
_iPAD/M
_k894.8123
_mPAD/M